000 02482cam a22002054a 4500
005 20250605164328.0
008 250528s ||||||||||||||||||||||||d
035 _a23120
020 _a9603514292
040 _aGR-AtMCL
_bgre
_dGR-AtMCL
_eAACR2
245 1 _aΔιαχρονική Εξέλιξη Συμπεριφοράς Καταναλωτή και Ποιοτικές Έρευνες Marketing
260 _bΣταμούλης Α,
_c2002
300 _a232
520 _aΒιβλίο Σύμβουλος Ακαδημαϊκών και Φοιτητών των Τμημάτων Management και Marketing των Πανεπιστημίων και Τ.Ε.Ι., καθώς και Επιχειρηματιών και Στελέχων Επιχειρήσεων Τροφίμων. Περιεχόμενα, Ευρετήριο Πινάκων και Σχημάτων, Πρόλογος, Εισαγωγή, Οι Πρόσφατες Κοινωνικές Αλλαγές και το Ελληνικό Διατροφικό Πρότυπο, Ευρωπαϊκό και Ελληνικό Διατροφικό Πρότυπο Συμπέρασμα, Συμπεριφορά Καταναλωτή, Η Συμπεριφορά των Καταναλωτών σε Σχέση με τα Αγροτικά Προϊόντα και Τρόφιμα, Τυπολογία Καταναλωτών και Διαδικασίας Λήψης Αποφάσεων, Ποιοτικές Έρευνες Marketing με Έμφαση στη Μέθοδο των ''Αλυσίδων Μέσων Στόχου'' και την ''Κλιμακωτή'' Τεχνική Συνεντεύξεων, Ποιοτική Έρευνα, Θεωρία των ''Αλυσίδων Μέσων Στοχου'', Εφαρμογή της Ανάλυσης ''Αλυσίδων Μέσων Στόχου'' στα Κρασιά που Παράγονται από Βιολογικά Σταφύλια, Ο Ελληνικός και ο Ευρωπαϊκός Κλάδος του Κρασιού, Σκοποί και Στόχοι της Έρευνας, Μεθοδολογία, Εμπειρικά Αποτελέσματα και Ανάλυση, Συζήτηση, Συμπεράσματα και Στρατηγικές, Περιορισμοί και Ερευνητικές Προεκτάσεις, Βιβλιογραφία.
700 1 _aΚρυστάλλης Αθανάσιος
_98683
700 1 _aΦωτόπουλος Χρήστος
_98684
942 _cBK
999 _c8150
_d8150